| 000 | 00000nam##2200000za#4500 |
| 001 | 9.647827 |
| 003 | CaOODSP |
| 005 | 20210615112808 |
| 007 | ta |
| 008 | 150407|2000||||xxc||||| f|0| 0 eng|d |
| 020 | |a0-662-29239-1 |
| 040 | |aCaOODSP|beng |
| 043 | |an-cn--- |
| 086 | 1 |aNS1-2/2000E |
| 110 | 2 |aNatural Sciences and Engineering Research Council of Canada. |
| 245 | 10|aNSERC researcher's guide, 2000 |
| 260 | |aOttawa - Ontario : |bNatural Sciences and Engineering Research Council |c2000. |
| 300 | |avii, 88p. ; |c28 cm. |
| 563 | |aSoftcover |
| 590 | |a01-16|b2001-04-20 |
| 690 | 07|aNatural sciences|2gcpds |
| 690 | 07|aEngineering|2gcpds |
| 690 | 07|aAwards|2gcpds |
| 690 | 07|aResearch grants|2gcpds |
| 775 | 08|tCRSNG Guide du chercheur, 2000 |w(CaOODSP)9.681207 |